Akhenaton e la nascita del monoteismo /
Main Author:
Format: Book
Language: Italian
Published:
Ariccia (RM) :
Aracne editrice int.le S.r.l.,
agosto 2016.
Edition: I edizione.
Subjects:
Tags: Add Tag
Call Number: BL2443 .G54
| LEADER | 01616nam a22004697a 4500 | ||
|---|---|---|---|
| 003 | OSt | ||
| 005 | 20260504091129.0 | ||
| 008 | 260504t201608 it b 000 0 ita d | ||
| 010 | |a 2016477907 | ||
| 020 | |a 9788854895676 | ||
| 020 | |a 8854895679 | ||
| 035 | |a 19268758 | ||
| 035 | |a (OCoLC)957730557 | ||
| 040 | |a C3L |b eng |c C3L |e rda |d OCLCO |d OCLCF |d OCLCA |d OCL |d DLC | ||
| 042 | |a lccopycat | ||
| 043 | |a f-ua--- | ||
| 050 | 1 | 4 | |a BL2443 |b .G54 |
| 100 | 1 | |a Ghikas, Emanuele, |e author. | |
| 245 | 1 | 0 | |a Akhenaton e la nascita del monoteismo / |c Emanuele Ghikas. |
| 250 | |a I edizione. | ||
| 264 | 1 | |a Ariccia (RM) : |b Aracne editrice int.le S.r.l., |c agosto 2016. | |
| 300 | |a 387 pages ; |c 21 cm. | ||
| 336 | |a text |b txt |2 rdacontent | ||
| 337 | |a unmediated |b n |2 rdamedia | ||
| 338 | |a volume |b nc |2 rdacarrier | ||
| 500 | |a A10--Page 1. | ||
| 504 | |a Includes bibliographical references (pages 377-387). | ||
| 600 | 0 | 0 | |a Aten |c (Egyptian deity) |
| 600 | 0 | 0 | |a Akhenaton, |c King of Egypt |x Religion. |
| 600 | 0 | 7 | |a Akhenaton, |c King of Egypt. |2 fast |0 (OCoLC)fst00053306 |
| 600 | 0 | 7 | |a Aten |c (Egyptian deity) |2 fast |0 (OCoLC)fst00819939 |
| 650 | 0 | |a Monotheism. | |
| 650 | 0 | |a Sun worship |z Egypt. | |
| 650 | 7 | |a Monotheism. |2 fast |0 (OCoLC)fst01025714 | |
| 650 | 7 | |a Religion. |2 fast |0 (OCoLC)fst01093763 | |
| 650 | 7 | |a Sun worship. |2 fast |0 (OCoLC)fst01138565 | |
| 651 | 0 | |a Egypt |x Religion. | |
| 651 | 7 | |a Egypt. |2 fast |0 (OCoLC)fst01208755 | |
| 906 | |a 7 |b cbc |c copycat |d 3 |e ncip |f 20 |g y-gencatlg | ||
| 942 | |2 lcc |c BK | ||
| 955 | |b bd19 2017-01-12 |b bd15 2017-03-22 z-processor |i bd15 2017-03-23 telework | ||
| 999 | |c 62224 |d 62224 | ||
